[Event "Montreal Mercredi 09"]
[Site "Montreal"]
[Date "2014.09.17"]
[Round "3"]
[White "Pilon, Denis"]
[Black "Bonneville Roussy, Didier"]
[Result "1-0"]
[WhiteElo "1472"]
[BlackElo "1462"]
[PlyCount "91"]
[EventDate "2014.09.03"]
[EventType "swiss"]
[EventRounds "5"]
[EventCountry "CAN"]
[SourceTitle "EXT 2022"]
[Source "ChessBase"]
[SourceDate "2021.10.06"]
[SourceVersion "1"]
[SourceVersionDate "2021.10.06"]
[SourceQuality "1"]

1. e4 c5 2. Nc3 Nc6 3. d3 e6 4. f4 g6 5. Nf3 Bg7 6. Be3 Nd4 7. e5 Qb6 8. Ne4 Bf8 9. Rb1 d5 10. exd6 Bxd6 11. b4 Nxf3+ 12. gxf3 Bd7 13. bxc5 Qa5+ 14. Bd2 Qxa2 15. Nxd6+ Ke7 16. Rxb7 Nf6 17. d4 Rhb8 18. Rxb8 Rxb8 19. Bc1 Rb1 20. Qd2 Qa1 21. Kd1 Nd5 22. Bg2 Rxc1+ 23. Qxc1 Qxd4+ 24. Ke1 Nxf4 25. Qd2 Nxg2+ 26. Qxg2 Qxc5 27. Ne4 Qe3+ 28. Kd1 Qd4+ 29. Nd2 Bb5 30. Qg5+ Qf6 31. Qxf6+ Kxf6 32. Ne4+ Kf5 33. Ke1 Kf4 34. Kf2 f5 35. Rb1 a6 36. Nc3 Bc6 37. Rb4+ Ke5 38. f4+ Kf6 39. Rb6 Bd7 40. Nd5+ Kf7 41. Rb7 exd5 42. Rxd7+ Ke6 43. Rxh7 a5 44. Ra7 a4 45. Rxa4 g5 46. fxg5 1-0